000 00890nam a2200229 i 4500
001 16422
003 ES-MaACL
005 20251011063050.0
007 t|
008 000918s1972 sp ||||1| lat d
080 _a276(082)
100 1 _aLorenzana, Francisco Antonio de,
_d1722-1804
_9151831
245 1 0 _aSS.PP. toletanorum quotque extant opera.
260 _a[Toleti] :
_bComitatus pro XIII Jubileo Sancti Ildefonsi,
_c[1972]
300 _a1 v. ;
_c25 cm.
505 8 _aContiene I.: I. Montani, S. Eugenii III et S. Ildephonsi... opuscula, epistolas, fragmentesque complectens, XXXVIII, 290 p.
534 _pReprod. de la ed. de:
_c-- Matriti, Apud Ioachimum Ibarra, Expensis... Francisci de Lorenzana, 1782.
650 _aPatrística.
_915895
651 4 _aToledo-
_xHistoria eclesiástica.
_9168543
852 _aES-MaACL
_jG-2156
_bR.106706
999 _c16422
_d16422